Statistiques concernant Paroles : Mademoiselle chante le Blues - Patricia Kaas

Cliquez ici pour prendre le quiz!

Statistiques générales

  • Ce quiz a été pris 24 fois
  • Le résultat moyen est 175 sur 266

Statistiques - réponses

Réponse% Correct
blues
100%
chante
100%
le
100%
Mademoiselle
100%
a
95%
du
95%
elle
95%
Elle
95%
la
95%
y
95%
dans
89%
et
89%
Et
89%
pas
89%
qui
89%
Qui
89%
boit
84%
de
84%
en
84%
jalouses
84%
rouge
84%
Soyez
84%
des
79%
leur
79%
même
79%
trop
79%
croit
74%
font
74%
gospel
74%
les
74%
se
74%
Y'en
74%
y'en
74%
voix
68%
HLM
63%
Mais
63%
au
58%
coté
58%
côté
58%
d'Angouleme
58%
fond
58%
Ukraine
53%
avec
47%
bagnole
47%
ce
47%
c'est
47%
gosses
47%
on
47%
rue
47%
sex
47%
bosse
42%
Brésil
42%
élèvent
42%
jouer
42%
l'amour
42%
par
42%
plus
42%
sur
42%
banderoles
37%
Dubois
37%
jamais
37%
Oh
37%
que
37%
qu'on
37%
roulent
37%
symbols
37%
tracts
37%
elles
32%
je
32%
Marilyn
32%
militent
32%
peuvent
32%
sont
32%
vendent
32%
comme
26%
noce
26%
ont
26%
quand
26%
sera
26%
tout
26%
appelle
21%
cour
21%
heures
21%
Jean
21%
jour
21%
machines
21%
Norma
21%
sans
21%
s'imagine
21%
tapent
21%
faire
16%
Faut
16%
huit
16%
jouent
16%
mal
16%
talent
16%
vie
16%
croire
11%
féminine
11%
femmes
11%
masculine
11%
vitrines
11%
avocat
5%
bien
5%
bonne
5%
bottes
5%
cinéma
5%
d'Epinal
5%
dit
5%
image
5%
joint
5%
lèche
5%
lèchent
5%
libérées
5%
soeur
5%
veulent
5%
filles
0%
gardénal
0%
mélangent
0%
petit
0%
pharmacienne
0%
rose
0%
t'aime
0%
vielles
0%

Distribution des résultats

Percentile par nombre de réponses

% des personnes avec chaque résultat

Votre développement - résultats

Vous n’avez pas pris ce quiz